|
|
|
|
| LEADER |
00801nta a2200169 i 4500 |
| 001 |
dipl69669 |
| 005 |
20180711115544.0 |
| 008 |
180711s2017 hu om 0|| spa d |
| 040 |
|
|
|a SZTE Diploma Repozitórium
|b hun
|
| 041 |
|
|
|a spa
|
| 100 |
1 |
|
|a Scharle Anna
|
| 245 |
1 |
0 |
|a Las oportunidades del desarrollo del habla y la comprensión en las clases de espanol
|h [elektronikus dokumentum] /
|c Anna Scharle
|
| 246 |
1 |
0 |
|a A beszéd és az értés fejlesztésének lehetőségei a spanyol nyelvi órákon = Opportunities of speech and comprehension development in Spanish language lessons
|h [elektronikus dokumentum]
|
| 260 |
|
|
|c 2017
|
| 650 |
|
4 |
|a Bölcsészettudományok
|
| 700 |
1 |
|
|a Praefort Veronika
|e ths
|
| 856 |
4 |
0 |
|u http://diploma.bibl.u-szeged.hu/id/eprint/69669/1/2016_Scharle_Anna_XSCPPQ_SZ.pdf
|z Dokumentum-elérés
|